Signs of the Zodiac - Statistics

General Stats
  • This quiz has been taken 119 times
  • The average score is 7 of 12
Answer Stats
hint sign % Correct
Cancer
77%
Taurus
75%
Aquarius
73%
Aries
68%
Leo
66%
Gemini
62%
Scorpio
59%
Virgo
58%
Pisces
56%
Sagittarius
55%
Libra
52%
Capricorn
46%
No matching quizzes found
Score Distribution
Percent of People with Each Score
Percentile by Number Answered
Your Score History
You have not taken this quiz